BUBT Library Online Catalog

Principles of Marketing (Record no. 1778)

000 -LEADER
fixed length control field 00610nam a2200193Ia 4500
003 - CONTROL NUMBER IDENTIFIER
control field BUBTL
008 - FIXED-LENGTH DATA ELEMENTS--GENERAL INFORMATION
fixed length control field 151213s9999 xx 000 0 und d
020 ## - INTERNATIONAL STANDARD BOOK NUMBER
International Standard Book Number 0538813687
082 ## - DEWEY DECIMAL CLASSIFICATION NUMBER
Classification number 658.8/ L165p/ 1992
100 ## - MAIN ENTRY--PERSONAL NAME
Personal name Lamb. Charles W.
9 (RLIN) 4383
245 ## - TITLE STATEMENT
Title Principles of Marketing
Statement of responsibility, etc. Charles W. Lamb, Joseph F. Hair and Carl McDaniel
260 ## - PUBLICATION, DISTRIBUTION, ETC. (IMPRINT)
Place of publication, distribution, etc. Ohio
Name of publisher, distributor, etc. South Western
Date of publication, distribution, etc. c1992
300 ## - PHYSICAL DESCRIPTION
Extent [xxxv], 757p. :
Other physical details Graph; 25cm.
650 ## - SUBJECT ADDED ENTRY--TOPICAL TERM
Topical term or geographic name as entry element Marketing
9 (RLIN) 2606
700 ## - ADDED ENTRY--PERSONAL NAME
Personal name Charles W. Lamb, Joseph F. Hair and Carl McDaniel
9 (RLIN) 2605
856 ## - ELECTRONIC LOCATION AND ACCESS
Password 0
Logon 0
Link text Download
942 ## - ADDED ENTRY ELEMENTS (KOHA)
Source of classification or shelving scheme
Koha item type Books
Holdings
Withdrawn status Lost status Source of classification or shelving scheme Damaged status Not for loan Collection code Permanent location Current location Shelving location Date acquired Inventory number Total Checkouts Full call number Barcode Date last seen Copy number Price effective from Koha item type
          Non-fiction Bangladesh University of Business and Technology Library Bangladesh University of Business and Technology Library Marketing Stacks 12/14/2019 2565   658.8/LAP BUBTL-20032565 12/14/2019 C-1 12/14/2019 Books

More Information About Library

Library Hours

  • Open: 9.00 am. to 9.00 pm.
  • Only Sunday: 9.00 am. to 6.00 pm.
  • Closed: Holiday

Contact to the University

Bangladesh University of Business and Technology Library

  • Mirpurl-2, 1216.
  • Phone:
  • Fax:
  • E-Mail: admin.library@bubt.edu.bd

Contact to the Library

Contact Person:

Md. Abdul Hakim Shah
Joint Librarian
PABX No:  113
Cell No: 01816332931
E-mail: official: admin.library@bubt.edu.bd
Personal: hakim.shah@bubt.edu.bd


BUBT Library

Copyright © 2021